Fronteras del conocimiento en el estudio del hombre

Salvato in:
Dettagli Bibliografici
Autori principali: White, Lynn (Autore), Dobzhansky, Theodosius Grigorievich (Autore), Kluckhohn, Clyde (Autore), Willey, Gordon R (Autore), Hughes, Everett Cherrington (Autore), Kimble, George H (Autore), Boulding, Kenneth E (Autore), Cohen, I. Bernard (Autore), Bukofzer, Manfred F (Autore), Jones, Howard Mumford (Autore), Rapoport, Anatol (Autore), Langer, Susanne Katherina (Autore), Hedley, George (Autore)
Altri autori: Murphy, Gardner (autor), Odegard, Peter H. (autor), Lotz, John (autor), Neumeyer, Alfred (autor)
Natura: Libro
Lingua:spagnolo
Pubblicazione: Buenos Aires EUDEBA 1968
Edizione:2a. ed
Serie:Temas de EUDEBA. Psicología
Soggetti:
Tags: Aggiungi Tag
Nessun Tag, puoi essere il primo ad aggiungerne!!

MARC

LEADER 00000nam a2200000 a 4500
001 UCZ3003
003 CL-VaPUC
008 951013e19680400AG |||||||||||||||||spa|d
082 0 4 |a 306  |b FRO  |2 21 
100 0 |a White, Lynn  |e author  |9 346811 
700 0 |a Dobzhansky, Theodosius Grigorievich  |e author  |9 346812 
700 |a Murphy, Gardner  |e autor  |9 335744 
700 |a Kluckhohn, Clyde  |e author  |9 430954 
700 0 |a Willey, Gordon R  |e author  |9 346814 
700 0 |a Hughes, Everett Cherrington  |e author  |9 346815 
700 |a Odegard, Peter H.  |e autor  |9 346816 
700 0 |a Kimble, George H  |e author  |9 346817 
700 0 |a Boulding, Kenneth E  |e author  |9 346818 
700 0 |a Cohen, I. Bernard  |e author  |9 346819 
700 0 |a Bukofzer, Manfred F  |e author  |9 346820 
700 |a Jones, Howard Mumford  |e author  |9 391884 
700 |a Lotz, John  |e autor  |9 348120 
700 0 |a Rapoport, Anatol  |e author  |9 346823 
700 |a Langer, Susanne Katherina  |e author  |9 303950 
700 0 |a Hedley, George  |e author  |9 346825 
700 |a Neumeyer, Alfred  |e autor  |9 346826 
245 1 0 |a Fronteras del conocimiento en el estudio del hombre 
250 |a 2a. ed 
300 |a 333 p 
942 |c BK 
945 |d 19951013 00:00:00  |a cmena 
260 |a Buenos Aires  |b EUDEBA  |c 1968 
650 0 |a Antropología cultural y social   |9 265143 
650 0 |a Teoría del conocimiento   |9 255038 
650 0 |a Naturaleza humana   |9 308593 
650 0 |a Genética  |9 259443 
650 0 |a Arqueología   |9 265619 
650 0 |a Sociología   |9 255410 
650 0 |a Política  |9 255312 
650 0 |a Geografía  |9 259346 
650 0 |a Economía   |9 255568 
650 0 |a Historia de las ciencias   |9 264975 
583 |a last modification  |c 20171122 04:41:57  |k Rodrigo Vera 
490 0 |a Temas de EUDEBA. Psicología 
999 |c 239534  |d 239532 
952 |0 0  |1 0  |4 0  |6 306_000000000000000_FRO_1968  |7 0  |8 P  |9 250740  |a BIBEDU  |b BIBEDU  |c BIBEDU_PB  |d 2019-11-18  |i 1582313  |l 2  |o 306 FRO 1968  |p 1582313  |r 2024-01-25  |s 2022-06-07  |w 2019-11-18  |y BK  |k FIL